Online Catalogue and eLibrary

The Feminine Sacred in South Asia : (Record no. 1372)

MARC details
000 -LEADER
fixed length control field 00520nam a2200193Ia 4500
005 - DATE AND TIME OF LATEST TRANSACTION
control field 20240731063847.0
008 - FIXED-LENGTH DATA ELEMENTS--GENERAL INFORMATION
fixed length control field 240331s9999 xx 000 0 und d
020 ## - INTERNATIONAL STANDARD BOOK NUMBER
ISBN 8173042462
082 ## - DDC Classification
Item Number - Author Mark FEM
Class No. 291.5
245 #4 - TITLE STATEMENT
Title The Feminine Sacred in South Asia :
Remainder of title Le sacre au feminin en asie du sud
260 ## - PUBLICATION, DISTRIBUTION, ETC.
Place of publication, distribution, etc. New Delhi
Name of publisher, distributor, etc. Manohar Publishers & Distributors
Date of publication, distribution, etc. 1999
300 ## - PHYSICAL DESCRIPTION
Extent (e.g. Volumes, Pages etc.) 147 p .,
650 ## - SUBJECT ADDED ENTRY--TOPICAL TERM
Topical term or geographic name entry element Gender
650 ## - SUBJECT ADDED ENTRY--TOPICAL TERM
Topical term or geographic name entry element Caste
650 ## - SUBJECT ADDED ENTRY--TOPICAL TERM
Topical term or geographic name entry element Women
650 ## - SUBJECT ADDED ENTRY--TOPICAL TERM
Topical term or geographic name entry element Rituals
700 ## - ADDED ENTRY--PERSONAL NAME
Personal name Lyche- Tambs, Harald
Relator term (Role) Editor
942 ## - Koha item type (Biblio)
Koha item type Books in Stacks (Lending)
Holdings
Lost status Damaged status Collection code Home library Current library Shelving location Date acquired Full call number Accession Number Item type
    Lending WERC Library WERC Library Social Science Cupboard 03/31/2024 291.5 FEM 5456 Books in Stacks (Lending)

© WERC Library